| 000 | 00914cam a22002657a 4500 | ||
|---|---|---|---|
| 005 | 20220329143028.0 | ||
| 008 | 050909d2002 mexa r 00010 spa d | ||
| 010 | _a90903 | ||
| 011 | _a91875 | ||
| 035 | _a102438 | ||
| 082 |
_a621 _bS4Y 2002 |
||
| 100 | 0 | 0 |
_aShigley, Joseph Edward. _9105688 |
| 245 | 1 | 0 |
_aDiseño en ingeniería mecánica _c/por Joseph E. Shigley y Charles R. Mischke |
| 260 |
_aMéxico, D.F. : _bMcGraw-Hill, _c2002. |
||
| 300 |
_a1257 p. _b: ilus. ; gráfs. |
||
| 500 | _aTrad. de : Mechanical engineering design, 6ed. en inglés de 2001. | ||
| 590 |
_aBATCH-UPD _b10 _c20130110 _lUCH01 _h1955 |
||
| 590 |
_aBATCH-UPD _b10 _c20130410 _lUCH01 _h1316 |
||
| 590 |
_aBATCH-UPD _b10 _c20130914 _lUCH01 _h1641 |
||
| 590 |
_aCONVERSION _b10 _c20130109 _lUCH01 _h1350 |
||
| 650 | 1 | 4 |
_aIngeniería mecánica. _958260 |
| 700 | 0 |
_aMischke, Charles R. _976173 |
|
| 901 | _aBK | ||
| 905 | _aAlejandra Carrasco M. | ||
| 999 |
_c90903 _d90903 |
||